000 00358 a2200157 4500
001 75477
020 _a9788542806359
040 _cAnchieta - Colégio São Paulo
100 _aPithon, Alessandro Kruschewsky
240 1 0 _aO malabarista
_lpor
245 1 0 _aO malabarista
300 _a382
362 0 _a2015
650 4 _aFicção brasileira
942 _cBK
999 _c75477
_d75477